000 00932cam a2200277 a 4500
999 _c3882
_d3882
001 12170353
003 GBCCL
005 20241126110506.0
008 000912s2001 caua b 000 0 eng
010 _a 00045754
020 _a0830726667 (hc)
020 _a0830726527 (pbk.)
040 _aDLC
_cDLC
_dDLC
050 0 0 _aBV4400
_b.C66 2001
082 0 0 _a253
_222
_bCOR
100 1 _aCordeiro, Wayne.
_96170
245 1 0 _aDoing church as a team /
_cWayne Cordeiro.
250 _aRev. and expanded ed.
260 _aVentura, Calif. :
_bRegal Books,
_cc2001.
300 _a214 p. :
_bill. ;
_c23 cm.
504 _aIncludes bibliographical references.
650 0 _aChurch work.
_964
906 _a7
_bcbc
_corignew
_d1
_eocip
_f20
_gy-gencatlg
942 _2ddc
_cBK
_02